000 00612nam a22002417a 4500
003 UA-OsUOA
001 41466
007 ta
008 20060927b un ||||| |||| 00| 0 ukr d
100 _aДунаев В.
090 _a004.92(075.8)
_bД83
942 _cBK
040 _aUA-OsUOA
_brus
_cUA-OsUOA
_dUA-OsUOA
245 _aКухня Photoshop
300 _a283 с.
955 _a2
041 _arus
080 _a004.92(075.8)
020 _a5-469-00797-9
260 _aСПб
_bПитер
_c2006
650 7 _a00 Загальні питання науки і культури
_2UDC
999 _c327600
_d327600